| 000 | 00756nam a2200265Ia 4500 | ||
|---|---|---|---|
| 003 | OSt | ||
| 005 | 20220918202556.0 | ||
| 006 | a|||||r|||| 00| 0 | ||
| 007 | ta | ||
| 008 | 220917b |||||||| |||| 00| 0 eng d | ||
| 024 | _a102,251 | ||
| 037 | _cTextual | ||
| 040 |
_aARTS _cARTS _beng |
||
| 041 |
_2eng _aeng |
||
| 082 | _aV236:71.N7, K7 | ||
| 100 |
_aMehta R N _9100106 |
||
| 245 | 0 | _aExcavation at Shamalaji | |
| 260 |
_aBaroda _bM S Univ of Baroda, Department of Archaeology _c1967 |
||
| 300 |
_a54p. illus _ccm. |
||
| 490 | _aMaharaji Sayajirao University archaeology series; 9 | ||
| 650 | _aHISTORY | ||
| 700 |
_a Patel A J _9104406 |
||
| 942 |
_hV236:71.N7, K7 _cTEXL _2CC |
||
| 999 |
_c225711 _d225711 |
||